000 00545nam a2200181Ia 4500
003 OSt
005 20210104161604.0
008 190216s9999||||xx |||||||||||||| ||und||
020 _a8177480146
040 _coclc
082 _a894.8122
_bTHO/A
100 _aThomas, C J
_96777
245 0 _aAa Manushian Nee Tanne /
_cC J Thomas
260 _bSahithya Pravarthaka Sahakarana Sangam,
_c2001.
_aCalicut university:
300 _a87p
650 _aMalayalam Nadakam
942 _cBK
_2ddc
_h894.8122
_iTHO/A
_k894.8122
_mTHO/A
999 _c28163
_d28163